Biblické nugetky

Bibliographic Details
Main Author: Zajac, Daniel (Author)
Format: Book
Language:Slovak
PhysicalDescription:123 strán 21 cm
Published: [Malčice] [Daniel Zajac] 2020
ISBN:9788057017424
Subjects:

MARC

LEADER 00000cam a2200000 4500
001 vtls011972477
003 SK-MaSNL
005 20260301145438.0
008 220107s2020 xo grf 000 0 slo
015 |a SNBA2021/04 
020 |a 9788057017424  |q (brožované) 
035 |a urn:nbn:sk:snk-am00g4yf 
035 |a urn:nbn:sk:snk-am3iyoz 
035 |a DCC9998F-024E-4FF3-8D42-76133CF83A9C 
040 |a SNK  |b slo  |c SNK  |e rda 
041 0 |a slo 
044 |a xo  |c SK 
072 7 |a 27  |x Kresťanstvo. Kresťanská cirkev všeobecne. Ekleziológia  |2 konspekt 
080 |a 27  |2 2011 
080 |a 27-277.2  |2 2011 
080 |a (0:82-4)  |2 2011 
100 1 |a Zajac, Daniel  |4 aut  |9 286357 
245 1 0 |a Biblické nugetky  |c Daniel Zajac 
264 1 |a [Malčice]  |b [Daniel Zajac]  |c 2020 
300 |a 123 strán  |c 21 cm 
336 |a text  |b txt  |2 rdacontent 
337 |a bez média  |b n  |2 rdamedia 
338 |a zväzok  |b nc  |2 rdacarrier 
500 |a Vydavateľské údaje podľa NA ISBN 
504 |a Obsahuje bibliografické odkazy 
650 0 7 |a kresťanská viera  |2 SNKPH  |9 1712 
650 0 7 |a biblické citáty  |2 SNKPH  |9 1914 
650 0 7 |a Christian faith  |2 SNKPHeng  |9 266204 
650 0 7 |a Biblical quotations  |2 SNKPHeng  |9 268253 
655 7 |a úvahy  |2 SNKPH  |9 29403 
655 7 |a Essays  |2 SNKPHeng  |9 267540 
919 |a 978-80-570-1742-4 
958 |a NT 
958 |a NB 
999 |c 780211  |d 782141 
952 |a SNK  |b SNK  |y PREZ  |7 0  |p 17A1426673  |o snkSC 188847  |i snk2020/9772  |8 0  |0 0  |1 0  |4 0  |d 2020-06-08  |f 1  |l 0  |r 2025-10-06 00:00:00  |w 2026-02-24 
952 |a SNK  |b SNK  |y VYP  |7 0  |p 17A1426674  |o snkSC 188847 D1  |i snk2020/9773  |8 0  |0 0  |1 0  |4 0  |d 2020-06-08  |l 0  |r 2026-02-24 01:02:25  |w 2026-02-24